Państwa według znaków drogowych - Statystyki

Ogólne statystyki
  • Ten quiz został rozwiązany 18 692 razy
  • Średni wynik to 9 z 15
Statystyki odpowiedzi
Obrazkowy Odpowiedź % Poprawnych
Stany Zjednoczone
99%
Chiny
90%
Irlandia
88%
Wielka Brytania
88%
Kanada
81%
Egipt
72%
Malta
63%
Etiopia
53%
Chile
52%
Brazylia
49%
Serbia
47%
Maroko
27%
Pakistan
25%
Bahrajn
24%
Eswatini
21%
Nie znaleziono quizów pasujących do podanych kryteriów
Rozkład punktacji
Procent ludzi z każdym wynikiem
Percentyl według liczby udzielonych odpowiedzi
Twoja historia wyników
Nie rozwiązałeś tego quizu